(Lectures on) wave propagation theory /

Bibliographic Details
Main Author: Wait, James R.
Format: Book
Language:English
Published: New York : Pergamon Press, [1981]
Subjects:

MARC

Tag First Indicator Second Indicator Subfields
LEADER 00000pam a2200000 a 4500
001 in00000076865
005 20151008054952.0
008 800826s1981 nyua b 00110 engm
010 |a  80023286  
020 |a 0080263453 
020 |a 0080263445 (pbk.) 
035 |a (OCoLC)06708737 
035 |9 AAJ2189AM 
040 |a DLC  |c DLC  |d m.c.  |d TXA  |d UtOrBLW 
049 |a TXAM  |c [1672407] 
050 0 0 |a QC665.T7  |b W34 1981 
082 0 |a 530.1/43  |2 19 
100 1 |a Wait, James R. 
245 1 0 |a (Lectures on) wave propagation theory /  |c James R. Wait. 
264 1 |a New York :  |b Pergamon Press,  |c [1981] 
264 4 |c ©1981 
300 |a vii, 348 pages :  |b illustrations ;  |c 25 cm. 
336 |a text  |b txt  |2 rdacontent 
337 |a unmediated  |b n  |2 rdamedia 
338 |a volume  |b nc  |2 rdacarrier 
500 |a Title on cover and spine: Wave propagation theory. 
504 |a Includes bibliographies and index. 
650 0 |a Electromagnetic waves  |x Transmission. 
740 0 |a Wave propagation theory. 
999 |a MARS 
999 f f |s acc4f6ea-6622-33d5-846e-b0aa76920d2a  |i c0b0bb90-cf10-3708-8edb-491c55c6dccc  |t 0 
952 f f |p normal  |a Texas A&M University  |b College Station  |c Sterling C. Evans Library  |d Evans: Library Stacks  |t 0  |e QC665.T7 W34 1981  |h Library of Congress classification  |i unmediated -- volume  |m A14806209049 
998 f f |a QC665.T7 W34 1981  |t 0  |l Evans: Library Stacks